Statistics for I Border You, I Start With The Same Letter!

Click here to take the quiz!

General Stats

  • This quiz has been taken 19 times
  • The average score is 16 of 30

Answers on the Map

Answers color-coded by a green-red scale on the quiz's map according to % correct below.
 

Answer Stats

Countries% Correct
Iran
88%
Iraq
88%
Bolivia
81%
Brazil
81%
South Sudan
75%
Sudan
75%
Zambia
75%
Zimbabwe
75%
Eritrea
63%
Ethiopia
63%
Cameroon
50%
Chad
50%
Kazakhstan
50%
Kyrgyzstan
50%
Mali
50%
Niger
50%
Nigeria
50%
Armenia
44%
Azerbaijan
44%
Central African Republic
44%
Mauritania
44%
Benin
38%
Burkina Faso
38%
Guinea
38%
Guinea-Bissau
38%
Malawi
38%
Latvia
31%
Lithuania
31%
Morocco
31%
Mozambique
31%

Score Distribution

Percentile by Number Answered

Percent of People with Each Score

Your Score History

You have not taken this quiz